Maiores Cidades de Mato Grosso do Sul - Statistics

Estatísticas Gerais
  • Esse quiz foi jogado 415 vezes
  • A pontuação média é 10 de 20
Respostas no mapa
Respostas codificadas por cores de uma escala verde-vermelha no mapa do quiz de acordo com a % correta abaixo.
 
Estatísticas das Respostas
População Cidade % Correto
893.940 Campo Grande
100%
208.210 Dourados
91%
100.980 Corumbá
83%
74.870 Ponta Porã
79%
117.560 Três Lagoas
76%
37.830 Aquidauana
57%
51.410 Naviraí
50%
30.320 Coxim
45%
22.450 Ladário
45%
39.070 Sidrolândia
44%
46.990 Nova Andradina
41%
22.090 Chapadão do Sul
39%
41.370 Maracaju
39%
37.610 Paranaíba
36%
30.580 Rio Brilhante
35%
23.660 São Gabriel do Oeste
35%
25.660 Amambai
33%
23.470 Aparecida do Taboado
33%
24.510 Jardim
29%
21.740 Caarapó
27%
Nenhum quiz correspondente encontrado
Distribuição das Pontuações
Porcentagem de Pessoas com Cada Pontuação
Percentil de Números Respondidos
Sua Pontuação Histórica
Você não jogou esse quiz